00558nam a2200193 a 4500001001300000003000900013005001700022008004100039020001000080082001900090100001900109245010700128260003200235300000800267500003500275650001800310700001500328700002100343nice12345678IN_TiNIC20260116014807.0110112s2005 newa grp 000 0 eng  ac15000a341.7588bSHI7 aShiva, Vandana aBiodiveristy, Gender and Technology in Mountain Agricultureb Glimpses of the Indian Central Himalayas aNew Delhi bNavdanya c2005 a80p aincludes index and biblioraphy aGlobalization1 aVir, Singh1 aIrene, Dankelman